Hunger Games Weapons Quiz Stats

 Plays Quiz Updated Aug 21, 2012

Challenge
Share
Tweet
Embed
Score 0/9 Timer 02:00
3 Plays Today
Tribute Weapon % Correct
Katniss EverdeenBow and Arrow
98.9%
CatoSpear or Sword
90.6%
GlossKnife
89.2%
CloveThrowing Knives
89.2%
Finnick OdairTrident and Net
74.1%
MarvelSpear
71.1%
Johanna MasonAxe
57.2%
RueSlingshot
27.4%
Maysilee DonnerBlowgun with Poison Darts
22.1%

You're not logged in!

Compare scores with friends on all Sporcle quizzes.
Join for Free
OR
Log In

You Might Also Like...

Show Comments

Extras

Top Quizzes Today


Score Distribution

Your Account Isn't Verified!

In order to create a playlist on Sporcle, you need to verify the email address you used during registration. Go to your Sporcle Settings to finish the process.

Report this User

Report this user for behavior that violates our Community Guidelines.

Details: